Влияние соактиваторов на спектрально-кинетические характеристики люминесценции сцинтилляционных стекол, активированных ионами тербия; Оптика и спектроскопия; Т. 121, № 4 : XVI международный феофиловский симпозиум
| Parent link: | Оптика и спектроскопия.— , 1956- Т. 121, № 4 : XVI международный феофиловский симпозиум.— 2016.— [С. 541-546] |
|---|---|
| Autor Principal: | |
| Corporate Authors: | , |
| Outros autores: | |
| Summary: | Заглавие с экрана Режим доступа: по договору с организацией-держателем ресурса |
| Idioma: | ruso |
| Publicado: |
2016
|
| Subjects: | |
| Acceso en liña: | http://dx.doi.org/10.7868/S0030403416100287 |
| Formato: | MixedMaterials Electrónico Capítulo de libro |
| KOHA link: | https://koha.lib.tpu.ru/cgi-bin/koha/opac-detail.pl?biblionumber=651875 |
MARC
| LEADER | 00000naa0a2200000 4500 | ||
|---|---|---|---|
| 001 | 651875 | ||
| 005 | 20250326142714.0 | ||
| 035 | |a (RuTPU)RU\TPU\network\17138 | ||
| 035 | |a RU\TPU\network\14548 | ||
| 090 | |a 651875 | ||
| 100 | |a 20161124d2016 k||y0rusy50 ca | ||
| 101 | 0 | |a rus | |
| 102 | |a RU | ||
| 135 | |a drcn ---uucaa | ||
| 181 | 0 | |a i | |
| 182 | 0 | |a b | |
| 200 | 1 | |a Влияние соактиваторов на спектрально-кинетические характеристики люминесценции сцинтилляционных стекол, активированных ионами тербия |f Д. Т. Валиев, Е. Ф. Полисадова | |
| 203 | |a Текст |c электронный | ||
| 300 | |a Заглавие с экрана | ||
| 320 | |a [Библиогр.: с. 546 (12 назв.)] | ||
| 333 | |a Режим доступа: по договору с организацией-держателем ресурса | ||
| 461 | |t Оптика и спектроскопия |d 1956- | ||
| 463 | |t Т. 121, № 4 : XVI международный феофиловский симпозиум |v [С. 541-546] |d 2016 | ||
| 610 | 1 | |a электронный ресурс | |
| 610 | 1 | |a труды учёных ТПУ | |
| 610 | 1 | |a активаторы | |
| 610 | 1 | |a спектрально-кинетические характеристики | |
| 610 | 1 | |a люминесценция | |
| 700 | 1 | |a Валиев |b Д. Т. |c специалист в области материаловедения |c доцент Томского политехнического университета, кандидат физико-математических наук |f 1987- |g Дамир Талгатович |3 (RuTPU)RU\TPU\pers\30033 |9 14467 | |
| 701 | 1 | |a Полисадова |b Е. Ф. |c специалист в области светотехники |c профессор Томского политехнического университета, доктор физико-математических наук |f 1972- |g Елена Фёдоровна |3 (RuTPU)RU\TPU\pers\26065 |9 11903 | |
| 712 | 0 | 2 | |a Национальный исследовательский Томский политехнический университет |b Физико-технический институт |b Кафедра высшей математики и математической физики |3 (RuTPU)RU\TPU\col\18727 |9 27176 |
| 712 | 0 | 2 | |a Национальный исследовательский Томский политехнический университет |b Институт физики высоких технологий |b Кафедра лазерной и световой техники |3 (RuTPU)RU\TPU\col\18690 |9 27143 |
| 801 | 2 | |a RU |b 63413507 |c 20161124 |g RCR | |
| 856 | 4 | |u http://dx.doi.org/10.7868/S0030403416100287 | |
| 942 | |c CF | ||